<?xml version="1.0" encoding="UTF-8"?>
<record
    xmlns:xsi="http://www.w3.org/2001/XMLSchema-instance"
    xsi:schemaLocation="http://www.loc.gov/MARC21/slim http://www.loc.gov/standards/marcxml/schema/MARC21slim.xsd"
    xmlns="http://www.loc.gov/MARC21/slim">

  <leader>02858nam a22003257a 4500</leader>
  <controlfield tag="003">OSt</controlfield>
  <controlfield tag="005">20230911161805.0</controlfield>
  <controlfield tag="008">230911b        |||||||| |||| 00| 0 eng d</controlfield>
  <datafield tag="020" ind1=" " ind2=" ">
    <subfield code="a">1292339063</subfield>
  </datafield>
  <datafield tag="020" ind1=" " ind2=" ">
    <subfield code="a">9781292339061</subfield>
    <subfield code="c">Mind Mover : &#x20B1;6,028.00</subfield>
    <subfield code="q">[paperback].</subfield>
  </datafield>
  <datafield tag="040" ind1=" " ind2=" ">
    <subfield code="b">English</subfield>
    <subfield code="c">Foundation University Library</subfield>
  </datafield>
  <datafield tag="082" ind1=" " ind2=" ">
    <subfield code="a">658.401</subfield>
    <subfield code="b">Ev15 2020</subfield>
  </datafield>
  <datafield tag="100" ind1=" " ind2=" ">
    <subfield code="a">Evans, James R.</subfield>
    <subfield code="e">Author</subfield>
    <subfield code="9">7044</subfield>
  </datafield>
  <datafield tag="245" ind1=" " ind2=" ">
    <subfield code="a">Business analytics :</subfield>
    <subfield code="b">methods, models, and decisions /</subfield>
    <subfield code="c">by James R. Evans</subfield>
  </datafield>
  <datafield tag="250" ind1=" " ind2=" ">
    <subfield code="a">THIRD EDITION.</subfield>
  </datafield>
  <datafield tag="250" ind1=" " ind2=" ">
    <subfield code="a">GLOBAL EDITION.</subfield>
  </datafield>
  <datafield tag="260" ind1=" " ind2=" ">
    <subfield code="a">Harlow, England,</subfield>
    <subfield code="b">Pearson Education Limited, </subfield>
    <subfield code="c">2021</subfield>
  </datafield>
  <datafield tag="300" ind1=" " ind2=" ">
    <subfield code="a">704 pages :</subfield>
    <subfield code="b">color illustrations ;</subfield>
    <subfield code="c">26 cm.</subfield>
  </datafield>
  <datafield tag="500" ind1=" " ind2=" ">
    <subfield code="a">Tables.</subfield>
  </datafield>
  <datafield tag="500" ind1=" " ind2=" ">
    <subfield code="a">"This is a special edition of an established title widely used by colleges and universities throughout the world. Pearson published this exclusive edition for the benefit of students outside the United States and Canada. If you purchased this book within the United States or Canada, you should be aware that it has been imported without the approval of the publisher or Author."-- On cover</subfield>
  </datafield>
  <datafield tag="504" ind1=" " ind2=" ">
    <subfield code="a">Includes index.</subfield>
  </datafield>
  <datafield tag="505" ind1=" " ind2=" ">
    <subfield code="a">Part 1 Foundations of Business Analytics.
Chapter 1 Introduction to Business Analytics.
Chapter 2 Database Analytics

Part 2 Descriptive Analytics.
Chapter 3 Data Visualization.
Chapter 4 Descriptive Statistics.
Chapter 5 Probability Distributions and Data Modeling.
Chapter 6 Sampling and Estimation.
Chapter 7 Statistical Inference.

Part 3 Predictive Statistics
Chapter 8 Trendlines and Regression Analysis.
Chapter 9 Forecasting Techniques.
Chapter 10 Introduction to Data Mining.
Chapter 11 Spreadsheet Modeling and Analysis.
Chapter 12 Simulation and Risk Analysis.

Part 4 Prescriptive Analytics.
Chapter 13 Linear Optimization.
Chapter 14 Integer and Nonlinear Optimization.
Chapter 15 Optimization Analytics.

Part 5 Making Decisions
Chapter 16 Decision Analytics.

Appendix
Glossary
Index.</subfield>
  </datafield>
  <datafield tag="520" ind1=" " ind2=" ">
    <subfield code="a">"The third edition of Business Analytics continues to provide students with enhanced Excel skills and to strength their understanding of contemporary business analytics application across industries. This books is designed to focus on five key areas: foundations, descriptive analytics, predictive analytics, prescriptive analytics, and the tools and techniques of decision analysis. This approach is key to both a student's use of basic analytics tools and in an spreadsheet environment as well as their interpretation of analytical models, resulting in better business decisions." --Provided by the Publisher</subfield>
  </datafield>
  <datafield tag="650" ind1=" " ind2=" ">
    <subfield code="a">Strategic planning.</subfield>
    <subfield code="9">4340</subfield>
  </datafield>
  <datafield tag="650" ind1=" " ind2=" ">
    <subfield code="a">Business planning.</subfield>
  </datafield>
  <datafield tag="650" ind1=" " ind2=" ">
    <subfield code="a">Industrial management</subfield>
    <subfield code="x">Statistical methods.</subfield>
    <subfield code="9">7045</subfield>
  </datafield>
  <datafield tag="650" ind1=" " ind2=" ">
    <subfield code="a">Business intelligence.</subfield>
    <subfield code="9">5370</subfield>
  </datafield>
  <datafield tag="650" ind1=" " ind2=" ">
    <subfield code="a">Commercial statistics.</subfield>
    <subfield code="9">7046</subfield>
  </datafield>
  <datafield tag="942" ind1=" " ind2=" ">
    <subfield code="2">ddc</subfield>
    <subfield code="c">BK</subfield>
    <subfield code="n">0</subfield>
  </datafield>
  <datafield tag="999" ind1=" " ind2=" ">
    <subfield code="c">3310</subfield>
    <subfield code="d">3310</subfield>
  </datafield>
  <datafield tag="952" ind1=" " ind2=" ">
    <subfield code="0">0</subfield>
    <subfield code="1">0</subfield>
    <subfield code="2">ddc</subfield>
    <subfield code="4">0</subfield>
    <subfield code="7">0</subfield>
    <subfield code="a">FOUNDATION</subfield>
    <subfield code="b">FOUNDATION</subfield>
    <subfield code="c">CIRC</subfield>
    <subfield code="d">2023-09-11</subfield>
    <subfield code="e">Purchased</subfield>
    <subfield code="l">0</subfield>
    <subfield code="o">Circ 658.401 Ev15 2020</subfield>
    <subfield code="p">63108</subfield>
    <subfield code="r">2023-09-11 00:00:00</subfield>
    <subfield code="w">2023-09-11</subfield>
    <subfield code="y">BK</subfield>
  </datafield>
</record>
